00565cam a22002051a 4500001001300000003000400013005001700017008004100034010001700075025002000092035001900112040002200131042001200153050001900165100003800184245005500222260003700277300002800314999001700342sa 66000567 DLC20260227112216.0830310s1965 io 000 0 ind  asa 66000567  aPL480:Indo-2223 a(OCoLC)9297350 aDLCcOAUdWUdDLC apremarc00aPL5089.O27bO40 aO. K. T.q(Oey Kim Tiang),d1903-10aWarisan seorang pangeran /cdituturkan oleh O.K.T. aDjakarta :bSaka Widya,c[1965?] a5 v. (302 p.) ;c18 cm. c67315d67315